000 00949nam a22002897a 4500
001 396
003 FISKH
005 20250821143003.0
008 230406b cb ||||| |||| 00| 0 eng d
020 _a9780545312530
040 _aDLC
_cDLC
_dDLC
050 0 0 _aQL737.P98
_bM3697 2010
082 0 0 _a599.67/41568
_222
100 1 _aMarsh, Laura F.
245 1 0 _aGreat migrations.
_pElephants /
_cLaura Marsh.
260 _aWashington, D.C. :
_bNational Geographic,
_c2010.
300 _a48 p. :
_bcol. ill. ;
_c24 cm.
490 0 _aNational Geographic Readers ; Level 3
504 _aIncludes bibliographical references and index.
505 _aN
521 8 _a770
_bLexile
521 8 _aN
_bRaz-Plus
650 0 _aAfrican elephant
_xMigration
_vJuvenile literature.
906 _a7
_bcbc
_corignew
_d1
_eecip
_f20
_gy-gencatlg
942 _2ddc
_cBK
_n0
999 _c396
_d396